000 00543nam a2200229 a 4500
001 nice12345678
003 IN_TiNIC
005 20260116012309.0
008 050524s1986 newa grp 000 0 eng
020 _a8170506
_c120
082 0 0 _a954.91
_bNAQ
100 _aNaqvi, Jamal S
245 _aInside Pakistan
260 _aNew Delhi
_bPatriot Publishers
_c1986
300 _a180p
500 _aincludes index and biblioraphy
505 2 _areferences
650 _aPakistan
902 _bSRS
942 _cBK
999 _c6444
_d6444